000 00633nmc a2200241 a 4500
003 AR-BaBNM
005 20251128202802.0
008 087019s1961 ||||||||||||||000 | spa||
040 _cAR-BaBNM
100 1 _aStern, Arno
245 1 0 _aAspectos y técnica de la pintura infantil
260 _aBuenos Aires
_bKapelusz
_c1961
300 0 _a86 p.
_bgráfs.
490 0 _aTécnicas de la educación artística
650 4 _aEDUCACION ARTISTICA
650 4 _aDIBUJO
650 4 _aPINTURA
650 4 _aMETODOS DE ENSENANZA
650 4 _aENSENANZA DE LA LECTURA
650 4 _aPROFESORES DE ARTE
942 _cBK
998 _cCarmen
999 _c563
_d563